[Event "Goch op 04th"]
[Site "Goch"]
[Date "1993.??.??"]
[Round "6"]
[White "Evers, Leo"]
[Black "Mueller, Matthias Michael"]
[Result "0-1"]
[WhiteElo "1900"]
[BlackElo "2315"]
[PlyCount "64"]
[EventDate "1993.10.??"]
[EventType "swiss"]
[EventRounds "7"]
[EventCountry "GER"]
[SourceTitle "EXT 1998"]
[Source "ChessBase"]
[SourceDate "1997.11.17"]
[SourceVersion "1"]
[SourceVersionDate "1997.11.17"]
[SourceQuality "1"]

1. Nf3 d5 2. g3 Nf6 3. Bg2 c5 4. d3 Nc6 5. Nbd2 Bg4 6. 0-0 e6 7. Re1 Be7 8. e4 dxe4 9. dxe4 0-0 10. c3 Ne5 11. Qc2 Qd3 12. Qxd3 Nxd3 13. Re3 Rad8 14. e5 Ne8 15. Bf1 Bf5 16. b3 Nc7 17. Bxd3 Bxd3 18. c4 Bg6 19. Kf1 Rd7 20. Bb2 Rfd8 21. Ke1 Na6 22. a3 Nb8 23. Rc3 Nc6 24. Rcc1 Rd3 25. h3 f6 26. exf6 gxf6 27. Rd1 Kf7 28. Nh4 Bh5 29. f3 f5 30. Ke2 Bxh4 31. gxh4 e5 32. Ke1 e4 0-1

[Event "Goch op 04th"]
[Site "Goch"]
[Date "1993.??.??"]
[Round "4"]
[White "Schlecht, Daniel"]
[Black "Mueller, Matthias Michael"]
[Result "1/2-1/2"]
[WhiteElo "2045"]
[BlackElo "2315"]
[PlyCount "26"]
[EventDate "1993.10.??"]
[EventType "swiss"]
[EventRounds "7"]
[EventCountry "GER"]
[SourceTitle "EXT 1998"]
[Source "ChessBase"]
[SourceDate "1997.11.17"]
[SourceVersion "1"]
[SourceVersionDate "1997.11.17"]
[SourceQuality "1"]

1. e4 c5 2. Nf3 Nc6 3. d4 cxd4 4. Nxd4 d6 5. Nc3 g6 6. Be2 Bg7 7. Nb3 Nf6 8. 0-0 0-0 9. Bg5 Be6 10. f4 Rc8 11. Kh1 a6 12. a4 Nb4 13. Bf3 Rc7 1/2-1/2